000 00967nam a2200265 a 4500
001 000015886
005 20200929164205.0
008 100222s2009 dr a 000 0 spa d
020 _a9789945866056
040 _aDO-SdBNP
082 _axxx
_bC348n
100 1 _aCastello, Pedro Luis
_935759
245 1 3 _aEl nuevo modelo del sistema de salud :
_binicios, rutas y dificultades /
_cPedro Luis Castellano... [et al.].
260 _aSanto Domingo :
_bPontificia Universidad Católica Madre y Maestra,
_c2009.
300 _a330 p. :
_bil. ;
_c22 cm.
490 1 _aForo políticas sociales y bienestar
_v7
504 _aIncluye referencias bibliográficas y notas al pie de las páginas
700 1 _aLizardo, Jeffrey
_935760
700 1 _aMatías, Bernardo
_96004
700 1 _aMorales, Luis
_935761
700 1 _aChupani, Chanel Rosa
_935762
700 1 _aSuárez, Rosa María
_935763
830 0 _aForo políticas sociales y bienestar
_n7
_935764
049 _aBNPD
999 _c15428
_d15428